000 00451ntaaa2200181 4500
003 01
005 20251027202233.0
008 0714s1973 ag 01
040 _aAR-BaBN
_bspa
_cAR-BaBN
_eaacr
_dRIC
082 _a268.1100 M26
100 _aMaddry, Kate Chenault
245 _aMeeting bible friends
250 _a1 ed.
260 _aNashville :
_bConvention Press,
_c1963
300 _a116 p
500 _aTexto para escuelas bĂ­blicas
942 _cBK
999 _c17213
_d17213